Estadísticas para Países más Cercanos a España

Haz click aquí para intentar la prueba.

Estadísticas generales

  • Esta prueba ha sido intentada 206 veces
  • La puntuación promedio es 17 de 20

Estadísticas de respuestas

kmpaís% Correcto
0Andorra
99%
0Francia
99%
334Italia
99%
0Portugal
99%
0Gibraltar (Reino Unido)
98%
0Marruecos
97%
468Suiza
93%
671Alemania
91%
805Bélgica
89%
68Argelia
88%
860Irlanda
84%
811Luxemburgo
84%
374Mónaco
84%
802San Marino
84%
724Austria
83%
498Túnez
83%
719Ciudad del Vaticano
82%
314Mauritania
66%
716Liechtenstein
63%
816Mali
57%

Distribución de puntuación

Porcentaje por número respondido

Porcentaje de gente con cada puntuación

Historial de tus puntuaciones

No has intentado esta prueba.